[Event "XXXI Festival A"]
[Site "Arco ITA"]
[Date "2009.10.20"]
[Round "4"]
[White "Terna, Giovanni"]
[Black "Casagrande, Fabio"]
[Result "1-0"]
[WhiteElo "1766"]
[BlackElo "2011"]
[PlyCount "61"]
[EventDate "2009.10.17"]

1. Nf3 c5 2. e4 g6 3. d4 cxd4 4. Nxd4 Nc6 5. Nc3 Bg7 6. Be3 Nf6 7. Bc4 O-O 8.
f3 d6 9. Qd2 a6 10. Bb3 Na5 11. O-O-O b5 12. g4 Nxb3+ 13. Nxb3 Bb7 14. h4 h5
15. Bh6 Rc8 16. Bxg7 Kxg7 17. Rdg1 b4 18. Nd5 Bxd5 19. exd5 Qc7 20. Rg2 Qc4 21.
gxh5 Nxh5 22. Rg4 Qc7 23. Nd4 Rh8 24. Rxg6+ Kf8 25. Rh6 Rxh6 26. Qxh6+ Ke8 27.
Qh8+ Kd7 28. Qxh5 Qc4 29. Qf5+ Kc7 30. Nb3 Kb7 31. Qe4 1-0

[Event "XXXI Festival A"]
[Site "Arco ITA"]
[Date "2009.10.20"]
[Round "4"]
[White "Thurner, Markus"]
[Black "Rizzoli, Aluna"]
[Result "1/2-1/2"]
[WhiteElo "1728"]
[BlackElo "1878"]
[PlyCount "115"]
[EventDate "2009.10.17"]

1. f4 d5 2. Nf3 Nf6 3. e3 Bg4 4. Be2 e6 5. O-O Nbd7 6. Nc3 a6 7. h3 Bxf3 8.
Bxf3 Be7 9. d3 Nb6 10. e4 dxe4 11. dxe4 Bc5+ 12. Kh2 c6 13. e5 Qxd1 14. Rxd1
Nfd5 15. Ne4 Be7 16. g3 O-O-O 17. Bd2 Nc4 18. b3 Nxd2 19. Rxd2 Ne3 20. Re2 Nf5
21. Rd2 Rxd2+ 22. Nxd2 Rd8 23. Nf1 Kc7 24. Rd1 Nd4 25. Be4 f5 26. exf6 gxf6 27.
c3 f5 28. Rxd4 Rxd4 29. cxd4 fxe4 30. Ne3 Bf6 31. Nc2 Kd6 32. g4 Kd5 33. f5
exf5 34. gxf5 e3 35. Nxe3+ Kxd4 36. Ng4 Bg7 37. Kg3 Ke4 38. f6 Bf8 39. f7 Kf5
40. Ne3+ Ke6 41. Nc4 c5 42. Kf4 Kxf7 43. Kf5 b5 44. Nd2 Bg7 45. a4 bxa4 46.
bxa4 Ke7 47. Nc4 Kd7 48. h4 Kc6 49. Ke6 Bc3 50. h5 h6 51. Ne3 Bd2 52. Nc4 Bc1
53. Ne5+ Kc7 54. Nc4 Bg5 55. Na5 Be3 56. Nc4 Bd4 57. Kd5 Kd7 58. Nd6 1/2-1/2

[Event "XXXI Festival A"]
[Site "Arco ITA"]
[Date "2009.10.20"]
[Round "4"]
[White "Tovazzi, Maurizio"]
[Black "Roversi, Stefano"]
[Result "0-1"]
[WhiteElo "1643"]
[BlackElo "1824"]
[PlyCount "96"]
[EventDate "2009.10.17"]

1. d4 Nf6 2. c4 g6 3. Nc3 Bg7 4. Bf4 d6 5. e3 Nbd7 6. Nf3 O-O 7. Qc2 c5 8. Be2
cxd4 9. exd4 Nh5 10. Bg3 Ndf6 11. Bd3 Ng4 12. O-O-O Nh6 13. Nh4 Qa5 14. Be2 Bg4
15. Bxg4 Nxg4 16. f3 Ne3 17. Qe4 Nxd1 18. Rxd1 Nxg3 19. hxg3 Qg5+ 20. Qf4 Qxf4+
21. gxf4 Rac8 22. b3 e5 23. fxe5 dxe5 24. dxe5 Bxe5 25. Nd5 Rfe8 26. f4 Bg7 27.
Rd2 Re1+ 28. Kc2 Rce8 29. Kd3 Rb1 30. Nf3 Rb2 31. Rxb2 Bxb2 32. b4 Rd8 33. a4
Rd6 34. Kc2 Bg7 35. Kd3 Kf8 36. Nd2 f5 37. Nf3 h6 38. Nd4 Bxd4 39. Kxd4 Kf7 40.
c5 Re6 41. Nc3 g5 42. fxg5 hxg5 43. b5 g4 44. a5 f4 45. Kd5 f3 46. gxf3 gxf3
47. c6 bxc6+ 48. bxc6 Rxc6 0-1

[Event "XXXI Festival A"]
[Site "Arco ITA"]
[Date "2009.10.20"]
[Round "4"]
[White "Trauth, Michael"]
[Black "Dappiano, Andrea"]
[Result "0-1"]
[WhiteElo "2185"]
[BlackElo "1975"]
[PlyCount "64"]
[EventDate "2009.10.17"]

1. Nf3 d6 2. g3 e5 3. Bg2 f5 4. d3 Nf6 5. O-O Be7 6. c4 O-O 7. c5 Na6 8. cxd6
cxd6 9. Nc3 Qe8 10. Nd2 Kh8 11. e3 Rb8 12. f4 b5 13. a4 b4 14. Nb5 Nc5 15. Nc4
exf4 16. exf4 Qg6 17. Re1 Be6 18. Nxa7 Bxc4 19. dxc4 Nfe4 20. Nc6 Rb7 21. Nxe7
Rxe7 22. Be3 Rfe8 23. Bxc5 dxc5 24. Qd3 Qf6 25. b3 Qb2 26. Rad1 Qf2+ 27. Kh1
Nxg3+ 28. hxg3 Rxe1+ 29. Rxe1 Qxe1+ 30. Kh2 g6 31. Qf1 Qxf1 32. Bxf1 Re3 0-1

[Event "XXXI Festival A"]
[Site "Arco ITA"]
[Date "2009.10.20"]
[Round "4"]
[White "Virzi, Ettore"]
[Black "Mombelli, Antonio"]
[Result "1-0"]
[WhiteElo "1986"]
[BlackElo "1829"]
[PlyCount "42"]
[EventDate "2009.10.17"]

1. e4 e5 2. Nf3 Nc6 3. Bb5 a6 4. Ba4 Nf6 5. O-O d6 6. Bxc6+ bxc6 7. d4 exd4 8.
Nxd4 Bd7 9. Re1 Be7 10. Nc3 O-O 11. h3 h6 12. Qf3 Nh7 13. e5 d5 14. Nf5 Bg5 15.
g4 Re8 16. Bxg5 Nxg5 17. Qg3 Qc8 18. h4 Ne4 19. Nxe4 dxe4 20. Qf4 Re6 21. Rxe4
Rg6 1-0

[Event "XXXI Festival A"]
[Site "Arco ITA"]
[Date "2009.10.20"]
[Round "4"]
[White "Wohl, Aleksandar H."]
[Black "Ricci, Alfredo"]
[Result "1-0"]
[WhiteElo "2417"]
[BlackElo "1993"]
[PlyCount "87"]
[EventDate "2009.10.17"]

1. e4 c5 2. Nf3 e6 3. c4 Nc6 4. Nc3 a6 5. Be2 Nf6 6. O-O e5 7. d3 d6 8. Ne1 Be7
9. f4 O-O 10. Nf3 exf4 11. Bxf4 Ng4 12. Nd5 Bf6 13. Qd2 Bd4+ 14. Nxd4 Nxd4 15.
Bxg4 Bxg4 16. Rae1 f6 17. Qf2 Rc8 18. b4 b6 19. Be3 Nc6 20. Qg3 Bh5 21. Bf4 Ne5
22. Bxe5 dxe5 23. Qh3 Bf7 24. Qxc8 Qxc8 25. Ne7+ Kh8 26. Nxc8 Rxc8 27. Rb1 b5
28. cxb5 axb5 29. bxc5 Rxc5 30. Rfc1 Rxc1+ 31. Rxc1 Bxa2 32. Rc8+ Bg8 33. Rb8
h6 34. Kf2 Kh7 35. Ke3 b4 36. Rxb4 Kg6 37. Rb7 Be6 38. d4 exd4+ 39. Kxd4 Bc8
40. Rc7 Bg4 41. Kd5 Be2 42. Rc3 Kf7 43. Kd6 Bf1 44. e5 1-0

[Event "XXXI Festival A"]
[Site "Arco ITA"]
[Date "2009.10.20"]
[Round "4"]
[White "Zucchelli, Massimo"]
[Black "Burani, Eugenio"]
[Result "1-0"]
[WhiteElo "2159"]
[BlackElo "1948"]
[PlyCount "61"]
[EventDate "2009.10.17"]

1. d4 Nf6 2. c4 c5 3. d5 e6 4. Nc3 exd5 5. cxd5 d6 6. Nf3 g6 7. h3 Bg7 8. e4
O-O 9. Bd3 Re8 10. O-O c4 11. Bc2 b5 12. Re1 b4 13. Nb5 a6 14. Nbd4 Bb7 15. Bf4
Nh5 16. Bh2 Qb6 17. Ba4 Rd8 18. Rc1 Qc5 19. Bb3 c3 20. bxc3 bxc3 21. Re3 Nd7
22. Rexc3 Qb6 23. Nc6 Re8 24. Rc4 Bxc6 25. Rxc6 Qb4 26. R1c4 Qb5 27. Ba4 Qb2
28. Rc7 Nb6 29. Bxe8 Nxc4 30. Bxf7+ Kf8 31. Ng5 1-0

[Event "XXXI Festival A"]
[Site "Arco ITA"]
[Date "2009.10.20"]
[Round "5"]
[White "Arakhamia-Grant, Ketevan"]
[Black "Cardili, Mariano"]
[Result "1-0"]
[WhiteElo "2499"]
[BlackElo "2106"]
[PlyCount "113"]
[EventDate "2009.10.17"]

1. e4 c6 2. d4 d5 3. e5 Bf5 4. Nf3 e6 5. Be2 c5 6. O-O Nc6 7. c3 cxd4 8. cxd4
Nge7 9. Nc3 Nc8 10. Be3 Be7 11. Nd2 Bg6 12. f4 h5 13. a3 Nb6 14. b4 Rc8 15. Rc1
a6 16. Na2 Na7 17. Qb3 O-O 18. a4 Qd7 19. a5 Na8 20. Nc3 Qd8 21. Na4 Nb5 22.
Nf3 Qd7 23. Nc5 Bxc5 24. bxc5 Nac7 25. Nh4 Qe7 26. Nxg6 fxg6 27. Bd3 Rf5 28. c6
bxc6 29. Rxc6 Rcf8 30. Bxf5 Rxf5 31. Rfc1 Rf7 32. Rb6 Kh7 33. Rb8 Qh4 34. Qd1
Qe7 35. Rc5 Qd7 36. Qc1 Qe7 37. g3 Qd7 38. Kg2 Qe7 39. Rb7 Qe8 40. Rc6 Rd7 41.
Qc5 Qc8 42. Rcb6 Qe8 43. Rb8 Rd8 44. Rxd8 Qxd8 45. Rc6 Qd7 46. h3 Qf7 47. g4
Qd7 48. Rb6 Qd8 49. Kg3 Qe8 50. Rc6 Qf7 51. Qc2 hxg4 52. hxg4 Qd7 53. Qc5 Qd8
54. Bd2 Qd7 55. Rb6 Qe8 56. Be3 Qd7 57. Rb8 1-0

[Event "XXXI Festival A"]
[Site "Arco ITA"]
[Date "2009.10.20"]
[Round "5"]
[White "Battiston, Claudio"]
[Black "Astengo, Marcello"]
[Result "0-1"]
[WhiteElo "1983"]
[BlackElo "2134"]
[PlyCount "130"]
[EventDate "2009.10.17"]

1. e4 e6 2. d3 d5 3. Nd2 c5 4. Ngf3 Nc6 5. g3 Nge7 6. Bg2 g6 7. O-O Bg7 8. c3
O-O 9. Re1 b6 10. Nf1 Bb7 11. e5 Rc8 12. Bf4 b5 13. d4 cxd4 14. cxd4 Nf5 15.
Ne3 Nxe3 16. Rxe3 Qb6 17. Rc1 Nxd4 18. Nxd4 Rxc1 19. Qxc1 Qxd4 20. Re1 Rc8 21.
Qb1 b4 22. Rd1 Qb6 23. Be3 Qa5 24. Bd4 Bf8 25. h4 Bc5 26. h5 Bxd4 27. Rxd4 Qc5
28. Qd1 a5 29. hxg6 hxg6 30. Kh2 Qc2 31. Qf3 Qxb2 32. Rf4 Rc7 33. Qe3 Qc3 34.
Qa7 Qc5 35. Qb8+ Bc8 36. Bf1 Rb7 37. Qa8 Qc7 38. Qa6 Ra7 39. Qb5 Kf8 40. Qe2
Ba6 41. Qe1 Bxf1 42. Qxf1 Qxe5 43. Qb5 Qc7 44. Qd3 Ra8 45. Rh4 Kg7 46. Qe3 Rh8
47. Qd4+ e5 48. Qxd5 Rxh4+ 49. gxh4 a4 50. Qb5 Qe7 51. Kg3 a3 52. Qe2 Qc5 53.
h5 Qc3+ 54. Kg2 Qb2 55. Qe4 gxh5 56. Qf5 Qd4 57. Qg5+ Kf8 58. Qh6+ Ke7 59. Qxh5
Qe4+ 60. Kh2 Qf4+ 61. Kg1 Kd6 62. Qe2 Kc5 63. Qa6 Qg4+ 64. Kh2 Qh5+ 65. Kg2
Qg6+ 0-1

[Event "XXXI Festival A"]
[Site "Arco ITA"]
[Date "2009.10.20"]
[Round "5"]
[White "Bernardi, Ruben"]
[Black "Antoniacci, Riccardo"]
[Result "1-0"]
[WhiteElo "2162"]
[BlackElo "1895"]
[PlyCount "61"]
[EventDate "2009.10.17"]

1. e4 c5 2. Na3 Nc6 3. Bb5 Nf6 4. d3 Nd4 5. Nf3 a6 6. Nxd4 cxd4 7. Bc4 d5 8.
exd5 Nxd5 9. Qf3 Be6 10. O-O g6 11. Nb5 Nc7 12. Nxc7+ Qxc7 13. Bf4 Qd7 14. Bxe6
fxe6 15. Be5 Rg8 16. Qh3 h5 17. Rfe1 Rc8 18. c4 dxc3 19. bxc3 b5 20. Re4 Bg7
21. Rae1 Rc5 22. Bxg7 Rxg7 23. d4 Rf5 24. Rxe6 b4 25. Rxa6 bxc3 26. Qxc3 Qb7
27. Rc6 Kd7 28. Rc1 Qb5 29. Rc8 Rgf7 30. Qc7+ Ke6 31. Rc6+ 1-0

[Event "XXXI Festival A"]
[Site "Arco ITA"]
[Date "2009.10.20"]
[Round "5"]
[White "Blasco, Domenico"]
[Black "Saponara, Nicola"]
[Result "1-0"]
[WhiteElo "1984"]
[BlackElo "1845"]
[PlyCount "83"]
[EventDate "2009.10.17"]

1. d4 Nf6 2. Nf3 g6 3. e3 Bg7 4. Be2 c6 5. O-O O-O 6. c4 d6 7. Nc3 b6 8. e4 e5
9. h3 Bb7 10. d5 cxd5 11. cxd5 Na6 12. Be3 Nc5 13. Nd2 a6 14. Rc1 Rc8 15. b4
Ncd7 16. Nc4 Ne8 17. Qb3 f5 18. f3 f4 19. Bf2 Rf7 20. a4 Bf8 21. a5 b5 22. Nb6
Rb8 23. Rc2 Qg5 24. Rfc1 h5 25. Nxd7 Rxd7 26. Nxb5 axb5 27. Bxb5 Rh7 28. a6 Ba8
29. Bc6 Qd8 30. b5 Nc7 31. a7 Rc8 32. Bxa8 Rxa8 33. Bb6 Rc8 34. Qc4 g5 35. Bxc7
Qe8 36. b6 g4 37. b7 gxh3 38. bxc8=Q h2+ 39. Kh1 Qxc8 40. Bxd6 Qxc4 41. Rxc4
Rxa7 42. Rc8 1-0

[Event "XXXI Festival A"]
[Site "Arco ITA"]
[Date "2009.10.20"]
[Round "5"]
[White "Bonade', Massimo"]
[Black "Zucchelli, Massimo"]
[Result "1-0"]
[WhiteElo "2097"]
[BlackElo "2159"]
[PlyCount "77"]
[EventDate "2009.10.17"]

1. d4 d5 2. c4 e6 3. Nc3 Nf6 4. cxd5 exd5 5. Bg5 c6 6. e3 Nbd7 7. Qc2 Be7 8.
Bd3 O-O 9. Nge2 Re8 10. O-O-O Nf8 11. h3 Ne4 12. Bxe7 Qxe7 13. Bxe4 dxe4 14. g4
g6 15. Ng3 f5 16. gxf5 Bxf5 17. Nxf5 gxf5 18. Rhg1+ Ng6 19. Ne2 Kh8 20. Qc3 Qf6
21. Ng3 Rad8 22. Kb1 Rd5 23. Qc2 Qh4 24. Rdf1 f4 25. Ne2 fxe3 26. fxe3 Qxh3 27.
Nc3 Rf5 28. Re1 Rf3 29. Rh1 Qf5 30. Qh2 Qf7 31. Reg1 Rf6 32. Qg2 Qe6 33. Rh5
Kg8 34. Re5 Qf7 35. Nxe4 Rf5 36. Rxe8+ Qxe8 37. Nd6 Qxe3 38. Nxf5 Qd3+ 39. Qc2
1-0

[Event "XXXI Festival A"]
[Site "Arco ITA"]
[Date "2009.10.20"]
[Round "5"]
[White "Bonagura, Stefano"]
[Black "Borgo, Giulio"]
[Result "0-1"]
[WhiteElo "2086"]
[BlackElo "2434"]
[PlyCount "78"]
[EventDate "2009.10.17"]

1. d4 d5 2. Nf3 Nf6 3. c4 e6 4. g3 dxc4 5. Bg2 c5 6. O-O cxd4 7. Nxd4 a6 8. Na3
Bc5 9. e3 Ra7 10. Nxc4 b5 11. Nc6 Nxc6 12. Bxc6+ Ke7 13. Qxd8+ Rxd8 14. Na5 Bb6
15. b4 Rc7 16. Bg2 Nd5 17. Ba3 Bxa5 18. Bxd5 Bb6 19. Bb3 e5 20. Bb2 f6 21. Rfd1
Rxd1+ 22. Bxd1 Be6 23. a4 Bc4 24. axb5 axb5 25. Ra6 Rc6 26. Bf3 Rd6 27. Kg2 Ke6
28. g4 Bd5 29. e4 Bb7 30. Ra1 Rd2 31. Bc1 Rxf2+ 32. Kg3 Rf1 33. Be2 Rg1+ 34.
Kf3 Bd4 35. Rb1 Bc6 36. Bd3 h5 37. gxh5 f5 38. h6 gxh6 39. Be3 Bxe4+ 0-1

[Event "XXXI Festival A"]
[Site "Arco ITA"]
[Date "2009.10.20"]
[Round "5"]
[White "Bonanzinga, Corrado"]
[Black "Virzi, Ettore"]
[Result "1/2-1/2"]
[WhiteElo "2136"]
[BlackElo "1986"]
[PlyCount "84"]
[EventDate "2009.10.17"]

1. e4 e5 2. Nf3 Nc6 3. Bb5 a6 4. Ba4 Nf6 5. O-O b5 6. Bb3 Bc5 7. a4 Rb8 8. c3
d6 9. d4 Bb6 10. axb5 axb5 11. Na3 O-O 12. Nxb5 Bg4 13. Be3 Bxf3 14. gxf3 Nh5
15. f4 Nxf4 16. Bxf4 exf4 17. Kh1 Ne7 18. Rg1 Ng6 19. Bc2 c6 20. Na3 c5 21. Nb5
Qf6 22. Ra6 cxd4 23. cxd4 Rfd8 24. Ra4 Rdc8 25. Nc3 Bxd4 26. Rxd4 Rxb2 27. e5
dxe5 28. Ne4 Qc6 29. Rd8+ Rxd8 30. Qxd8+ Nf8 31. f3 g6 32. Nf6+ Kg7 33. Nh5+
Kg8 34. Be4 Qa6 35. Qf6 Qxf6 36. Nxf6+ Kg7 37. Ne8+ Kg8 38. Re1 Rb8 39. Nd6 Rd8
40. Nb7 Rd2 41. Bc6 Ne6 42. Na5 f6 1/2-1/2

[Event "XXXI Festival A"]
[Site "Arco ITA"]
[Date "2009.10.20"]
[Round "5"]
[White "Bondielli, Giorgio"]
[Black "Barlotti, Gabriele"]
[Result "1/2-1/2"]
[WhiteElo "1922"]
[BlackElo "1664"]
[PlyCount "50"]
[EventDate "2009.10.17"]

1. e4 e6 2. d4 d5 3. e5 c5 4. c3 cxd4 5. cxd4 Nc6 6. Nf3 Be7 7. Be2 f6 8. O-O
fxe5 9. dxe5 Qc7 10. Bf4 Bd8 11. Nc3 a6 12. Rc1 Nge7 13. Bd3 O-O 14. Bg3 Nf5
15. Bxf5 Rxf5 16. Re1 Qd7 17. Ne2 Qe8 18. Ned4 Nxd4 19. Nxd4 Rf8 20. a3 Qg6 21.
Qc2 Qxc2 22. Rxc2 Bd7 23. f3 Bb6 24. Bf2 Bxd4 25. Bxd4 Rac8 1/2-1/2

[Event "XXXI Festival A"]
[Site "Arco ITA"]
[Date "2009.10.20"]
[Round "5"]
[White "Bottesi, Gianluca"]
[Black "Rigo, Marco"]
[Result "0-1"]
[WhiteElo "1559"]
[BlackElo "1908"]
[PlyCount "64"]
[EventDate "2009.10.17"]

1. d4 d5 2. c4 e6 3. Nf3 c6 4. cxd5 exd5 5. Nc3 Bd6 6. Qc2 f5 7. e3 Nf6 8. Be2
O-O 9. Bd2 Ne4 10. h4 Nd7 11. Nxe4 fxe4 12. Ng5 Nf6 13. O-O-O h6 14. Nh3 Qe7
15. Nf4 Bxf4 16. exf4 Bg4 17. Be3 a5 18. h5 a4 19. a3 b5 20. Bxg4 Nxg4 21. Qe2
Nxe3 22. fxe3 b4 23. axb4 Qxb4 24. Qd2 Qb3 25. Qc2 Qxe3+ 26. Qd2 Qxd2+ 27. Kxd2
Rxf4 28. Ke3 Rg4 29. Kf2 Rf8+ 30. Kg1 Rb8 31. Ra1 Rxb2 32. Rxa4 Rb1+ 0-1

[Event "XXXI Festival A"]
[Site "Arco ITA"]
[Date "2009.10.20"]
[Round "5"]
[White "Buck, Klaus-Michael"]
[Black "Galas, Franco"]
[Result "1/2-1/2"]
[WhiteElo "1837"]
[BlackElo "1792"]
[PlyCount "64"]
[EventDate "2009.10.17"]

1. b4 e5 2. a3 d6 3. Bb2 Be7 4. e3 b6 5. Be2 Nd7 6. Nf3 Bb7 7. O-O Ngf6 8. d3
h6 9. Nbd2 Nh7 10. Ne1 O-O 11. Bf3 Bxf3 12. Nexf3 f5 13. c4 Rf7 14. e4 Ng5 15.
Ne1 f4 16. Ndf3 Nxf3+ 17. Nxf3 Kh7 18. d4 Bf6 19. dxe5 Nxe5 20. Nxe5 Bxe5 21.
Bxe5 dxe5 22. Qd5 Qe8 23. f3 Rd8 24. Qb7 c6 25. Qa6 Rfd7 26. Qa4 Qg6 27. Rad1
Rd2 28. Rxd2 Rxd2 29. Rf2 Rd7 30. h3 Qe6 31. Qc2 Rd4 32. Qa4 Qd7 1/2-1/2

[Event "XXXI Festival A"]
[Site "Arco ITA"]
[Date "2009.10.20"]
[Round "5"]
[White "Burani, Eugenio"]
[Black "Trimarchi, Giuseppe"]
[Result "1/2-1/2"]
[WhiteElo "1948"]
[BlackElo "1722"]
[PlyCount "95"]
[EventDate "2009.10.17"]

1. e4 e5 2. Nf3 Nc6 3. Bc4 Bc5 4. c3 d6 5. d4 exd4 6. cxd4 Bb4+ 7. Nc3 Nf6 8.
O-O Bg4 9. e5 dxe5 10. dxe5 Qxd1 11. Rxd1 Bxc3 12. bxc3 Nd7 13. Bf4 Nb6 14. Bb3
O-O 15. Re1 h6 16. Nd4 Nxd4 17. cxd4 Be6 18. Rac1 c6 19. Bg3 Rad8 20. Red1 Rd7
21. f4 Nd5 22. Bxd5 Bxd5 23. a3 f6 24. Rc3 fxe5 25. dxe5 Rf5 26. Rd4 Rdf7 27.
h4 g5 28. fxg5 hxg5 29. Rg4 Rg7 30. Rxg5 Rfxg5 31. hxg5 Rxg5 32. Re3 Kf7 33.
Kh2 b5 34. Re2 Ke6 35. Bf4 Rg6 36. g3 Rg7 37. Re3 a5 38. Kg1 b4 39. axb4 axb4
40. Re2 b3 41. Kf2 c5 42. Ke1 Ra7 43. Bc1 c4 44. Bb2 Rh7 45. Kd2 Rh3 46. Re3
Kf5 47. Bc3 Rh1 48. Re1 1/2-1/2

[Event "XXXI Festival A"]
[Site "Arco ITA"]
[Date "2009.10.20"]
[Round "5"]
[White "Casagrande, Fabio"]
[Black "Sigmund, Ingenuin"]
[Result "1-0"]
[WhiteElo "2011"]
[BlackElo "1825"]
[PlyCount "129"]
[EventDate "2009.10.17"]

1. e4 e6 2. d4 d5 3. Nd2 c5 4. exd5 Qxd5 5. Ngf3 Nf6 6. Bc4 Qd8 7. O-O cxd4 8.
Nb3 Be7 9. Nbxd4 O-O 10. Qe2 a6 11. Bd3 Qc7 12. Bg5 Nbd7 13. c3 Re8 14. Rfe1 b5
15. Rad1 Bd6 16. Bxb5 Ng4 17. h3 Bh2+ 18. Kf1 Nxf2 19. Bxd7 Bxd7 20. Kxf2 Bg3+
21. Kg1 e5 22. Nc2 Bb5 23. Qe4 Bc6 24. Qg4 e4 25. Bf6 g6 26. Nfd4 Bd7 27. Qg5
Be5 28. Bxe5 Rxe5 29. Qf6 Bxh3 30. Qc6 Qd8 31. Rxe4 Bxg2 32. Kxg2 Rc8 33. Ne6
Rg5+ 34. Kf2 Rf5+ 35. Ke3 Rf3+ 36. Ke2 Qxd1+ 37. Kxd1 Rxc6 38. Ncd4 Rd6 39. Nc7
Rf2 40. Kc1 h5 41. Re8+ Kg7 42. Re4 Kh6 43. a4 Rg2 44. b4 Rf6 45. Ne2 g5 46. b5
axb5 47. axb5 h4 48. Nd5 Re6 49. Rxe6+ fxe6 50. b6 h3 51. Ne3 Rxe2 52. b7 h2
53. Ng4+ Kg6 54. Nxh2 Rxh2 55. b8=Q Rh4 56. Qe5 Rf4 57. Qxe6+ Kh5 58. c4 Kh4
59. Qh6+ Kg4 60. Kd2 Kf5 61. c5 g4 62. Qh5+ Ke4 63. c6 g3 64. Qe2+ Kf5 65. c7
1-0

[Event "XXXI Festival A"]
[Site "Arco ITA"]
[Date "2009.10.20"]
[Round "5"]
[White "Cento, Claudio"]
[Black "Facchetti, Lorenzo"]
[Result "0-1"]
[WhiteElo "1661"]
[BlackElo "1836"]
[PlyCount "90"]
[EventDate "2009.10.17"]

1. e4 c6 2. d4 d5 3. Nc3 dxe4 4. Nxe4 Bf5 5. Ng3 Bg6 6. h4 h6 7. h5 Bh7 8. Nf3
Nd7 9. Bc4 e6 10. Bf4 Qa5+ 11. c3 Ngf6 12. Qb3 Qb6 13. O-O Qxb3 14. Bxb3 Be7
15. Rae1 O-O 16. Ne5 Rad8 17. Bc1 c5 18. Nxf7 Rxf7 19. Bxe6 Bd3 20. Bxf7+ Kxf7
21. Rxe7+ Kxe7 22. Re1+ Kf7 23. Rd1 c4 24. f3 Re8 25. Kf2 Nd5 26. Nh1 Nf8 27.
Re1 Rxe1 28. Kxe1 Ne6 29. Nf2 Bb1 30. a3 Nef4 31. g4 Nd3+ 32. Nxd3 Bxd3 33. Kf2
g5 34. hxg6+ Kxg6 35. f4 h5 36. Kg3 hxg4 37. Kxg4 Be2+ 38. Kg3 Kf5 39. Bd2 Ke4
40. Bc1 Kf5 41. Bd2 Nf6 42. Kf2 Bd1 43. Bc1 Bg4 44. Kg3 Nh5+ 45. Kf2 Nxf4 0-1

[Event "XXXI Festival A"]
[Site "Arco ITA"]
[Date "2009.10.20"]
[Round "5"]
[White "Ciola, Alberto"]
[Black "Trauth, Michael"]
[Result "0-1"]
[WhiteElo "1920"]
[BlackElo "2185"]
[PlyCount "56"]
[EventDate "2009.10.17"]

1. d4 Nf6 2. c4 c5 3. d5 b5 4. cxb5 a6 5. e3 Bb7 6. Nc3 Qa5 7. Bd2 axb5 8. Nxb5
Qb6 9. f3 Bxd5 10. a4 e6 11. e4 Bb7 12. Bc3 Be7 13. Bd3 d5 14. Be5 Na6 15. a5
Qd8 16. exd5 exd5 17. Ne2 O-O 18. O-O Bc6 19. Nec3 Qd7 20. Na3 Rfd8 21. Bb5 Nb4
22. Bxc6 Nxc6 23. Bg3 Rxa5 24. Qd2 Nd4 25. Rad1 c4 26. Bf2 Nb3 27. Qe2 Bxa3 28.
bxa3 Rxa3 0-1

[Event "XXXI Festival A"]
[Site "Arco ITA"]
[Date "2009.10.20"]
[Round "5"]
[White "Dappiano, Andrea"]
[Black "Ager, Josef"]
[Result "1/2-1/2"]
[WhiteElo "1975"]
[BlackElo "2226"]
[PlyCount "125"]
[EventDate "2009.10.17"]

1. c4 e5 2. Nc3 Nc6 3. Nf3 d6 4. e4 g6 5. g3 Bg7 6. Bg2 Be6 7. d3 h6 8. O-O Qd7
9. Nd5 Nge7 10. Be3 g5 11. h4 gxh4 12. Nxh4 O-O-O 13. Rb1 Nd4 14. b4 Ng6 15.
Nxg6 fxg6 16. b5 Kb8 17. Nb4 Ka8 18. Qa4 Ne2+ 19. Kh2 b6 20. Rb3 a5 21. Nc6 Kb7
22. Nxd8+ Rxd8 23. Re1 Nd4 24. Bxd4 exd4 25. Rb2 Ka7 26. Qd1 g5 27. f4 gxf4 28.
gxf4 Rf8 29. f5 Be5+ 30. Kh1 Qe7 31. Qh5 Bf7 32. Qh3 Rg8 33. f6 Qxf6 34. Rf1
Qe7 35. Rbf2 Be6 36. Qh5 Rg5 37. Qe2 Rg4 38. Kg1 Qh4 39. Rd1 Rg3 40. Kf1 Re3
41. Qc2 Bg3 42. Rf8 Qe7 43. Rf3 Bg4 44. Rxg3 Bxd1 45. Qf2 Be2+ 46. Kg1 Rxg3 47.
Qxg3 Qg5 48. Qxg5 hxg5 49. Bf1 Bg4 50. Kf2 Kb8 51. Be2 Bd7 52. Kg3 c6 53. bxc6
Bxc6 54. Kg4 Ba4 55. Kxg5 Kc7 56. Kf6 Kc6 57. e5 dxe5 58. Kxe5 Kc5 59. a3 b5
60. cxb5 Bxb5 61. Ke4 Ba4 62. Ke5 Bb3 63. Bf3 1/2-1/2

[Event "XXXI Festival A"]
[Site "Arco ITA"]
[Date "2009.10.20"]
[Round "5"]
[White "De Nisi, Roberta"]
[Black "Caldara, Sisto"]
[Result "1-0"]
[WhiteElo "1903"]
[BlackElo "1823"]
[PlyCount "67"]
[EventDate "2009.10.17"]

1. d4 g6 2. c4 Bg7 3. Nc3 c5 4. d5 Bxc3+ 5. bxc3 f5 6. f3 Nf6 7. Qc2 Qa5 8. Bd2
d6 9. e4 fxe4 10. fxe4 Nbd7 11. Nf3 Nb6 12. Bd3 Bd7 13. O-O Ba4 14. Qb2 O-O-O
15. e5 Nfd7 16. exd6 exd6 17. Bf4 Nf6 18. Ng5 Rd7 19. Bxd6 Nfxd5 20. cxd5 Rxd6
21. c4 Re8 22. Ne4 Rdd8 23. Rab1 Re7 24. Rf6 Nxc4 25. Bxc4 b5 26. Rc6+ Rc7 27.
Nd6+ Rxd6 28. Rxd6 Re7 29. Qh8+ Kb7 30. Re6 Rd7 31. Qe5 Kc8 32. Re8+ Kb7 33.
Rb8+ Ka6 34. Qe6+ 1-0

[Event "XXXI Festival A"]
[Site "Arco ITA"]
[Date "2009.10.20"]
[Round "5"]
[White "Gandolfi, Gianfranco"]
[Black "Thurner, Markus"]
[Result "0-1"]
[WhiteElo "1861"]
[BlackElo "1728"]
[PlyCount "76"]
[EventDate "2009.10.17"]

1. e4 e5 2. Nf3 Nc6 3. d4 exd4 4. Bc4 Bb4+ 5. c3 dxc3 6. bxc3 Bd6 7. O-O Nge7
8. Ng5 Ne5 9. Qh5 g6 10. Qh6 Nxc4 11. Qg7 Rf8 12. Nxh7 Nc6 13. Bg5 Be7 14. Bh6
d6 15. Nxf8 Bf6 16. Qg8 Ke7 17. Nxg6+ fxg6 18. Qxc4 Qh8 19. Bf4 Be6 20. Qb5 Bd7
21. Bg5 Ne5 22. Bxf6+ Qxf6 23. Qe2 Rh8 24. f4 Rxh2 25. Kxh2 Bb5 26. Qe1 Qh8+
27. Kg3 Nd3 28. Rh1 Qf6 29. Qe3 g5 30. Rh7+ Kf8 31. f5 Qe5+ 32. Kh3 Nf4+ 33.
Kg4 Be2+ 34. Kxg5 Ne6+ 35. Kh4 Qh2+ 36. Qh3 Qf4+ 37. g4 Ng5 38. Nd2 Nxh3 0-1

[Event "XXXI Festival A"]
[Site "Arco ITA"]
[Date "2009.10.20"]
[Round "5"]
[White "Giancotti, Eraldo"]
[Black "Fortunato, Vito"]
[Result "1-0"]
[WhiteElo "2109"]
[BlackElo "1913"]
[PlyCount "97"]
[EventDate "2009.10.17"]

1. Nf3 c5 2. g3 d5 3. Bg2 Nc6 4. O-O e5 5. d3 Nf6 6. Nbd2 g6 7. c4 Bg7 8. Rb1
O-O 9. a3 a5 10. b3 Re8 11. cxd5 Nxd5 12. Bb2 f6 13. Re1 Be6 14. Qc2 b6 15. Nc4
Rc8 16. e3 Qc7 17. Rbd1 Red8 18. Qb1 Rd7 19. Rc1 Nde7 20. Ncd2 Qd8 21. d4 cxd4
22. exd4 Bf5 23. Qa2 Nxd4 24. Nxd4 exd4 25. b4+ Kf8 26. Qa1 Bd3 27. Rxc8 Nxc8
28. Bc6 Re7 29. Rd1 f5 30. bxa5 bxa5 31. a4 Kg8 32. Nf3 Be4 33. Bxe4 Rxe4 34.
Nxd4 Qb6 35. Qa2+ Kf8 36. Nb5 Qe6 37. Bxg7+ Kxg7 38. Qa1+ Kh6 39. Qc1+ Kh5 40.
h4 f4 41. Nc3 Rc4 42. Qd2 Qe5 43. Ne2 fxg3 44. Nxg3+ Kg4 45. Kg2 Qf4 46. Qd7+
Kxh4 47. Rh1+ Kg5 48. Qd8+ Qf6 49. Qd5+ 1-0

[Event "XXXI Festival A"]
[Site "Arco ITA"]
[Date "2009.10.20"]
[Round "5"]
[White "Giaracuni, Claudio"]
[Black "Nicolodi, Raoul"]
[Result "0-1"]
[WhiteElo "1771"]
[BlackElo "1909"]
[PlyCount "82"]
[EventDate "2009.10.17"]

1. c4 e6 2. Nc3 d5 3. cxd5 exd5 4. d4 Nf6 5. Nf3 c6 6. Bg5 Be7 7. e3 Bf5 8. Bd3
Bxd3 9. Qxd3 Nbd7 10. O-O O-O 11. Rfe1 Re8 12. Rad1 Ne4 13. Bxe7 Qxe7 14. Nd2
Ndf6 15. f3 Nxc3 16. Qxc3 Rad8 17. Re2 Qd6 18. Rde1 Nh5 19. g4 Nf6 20. e4 dxe4
21. Nxe4 Nxe4 22. Rxe4 Rxe4 23. Rxe4 b6 24. b4 h6 25. a3 Qf6 26. Qe3 Kh7 27. f4
c5 28. bxc5 bxc5 29. g5 cxd4 30. gxf6 dxe3 31. Rxe3 Rd1+ 32. Kf2 Rd2+ 33. Re2
Rxe2+ 34. Kxe2 g5 35. f5 h5 36. Kf3 Kg8 37. Kg3 Kf8 38. h4 g4 39. Kf4 Ke8 40.
Ke4 Kd7 41. Kd4 Kc6 0-1

[Event "XXXI Festival A"]
[Site "Arco ITA"]
[Date "2009.10.20"]
[Round "5"]
[White "Grant, Jonathan I.M."]
[Black "Morselli, Stefano"]
[Result "1-0"]
[WhiteElo "2249"]
[BlackElo "1921"]
[PlyCount "75"]
[EventDate "2009.10.17"]

1. c4 Nf6 2. Nc3 g6 3. g3 Bg7 4. Bg2 c6 5. e4 d6 6. Nge2 Nbd7 7. O-O O-O 8. h3
a5 9. d3 Nc5 10. d4 Ncd7 11. Be3 Nb6 12. b3 Qc7 13. Rc1 Rd8 14. Qc2 Nh5 15. f4
f5 16. c5 dxc5 17. dxc5 Nd7 18. exf5 gxf5 19. Qxf5 Ndf6 20. Qe5 Qd7 21. Rfd1
Qe8 22. Rxd8 Qxd8 23. Rd1 Qe8 24. Qc7 Be6 25. Qxb7 Rd8 26. Rxd8 Qxd8 27. Qxc6
Kf7 28. Nd4 Bd7 29. Qf3 Qc8 30. g4 Nxg4 31. hxg4 Bxg4 32. Qd5+ e6 33. Qb7+ Qxb7
34. Bxb7 Nxf4 35. c6 e5 36. Ndb5 Bh6 37. Bxf4 Bxf4 38. c7 1-0